00305nam a2200109Ia 4500008004100000040000800041082001400049100002900063245003800092260000900130264005600139231129s2003||||xx |||||||||||||| ||spa|| bspa a927 L414S aSantana Archbold Sergio 0aHéctor Lavoe la voz del barrio c2003 aMedellí­n Colombia : Ediciones Santo Bassilón